header

English in the southern United States (Record no. 34153)

MARC details
000 -LEADER
fixed length control field 01788nam a2200421 a 4500
082 04 - DEWEY DECIMAL CLASSIFICATION NUMBER
Classification number 427/.975
245 00 - TITLE STATEMENT
Title English in the southern United States
260 ## - PUBLICATION, DISTRIBUTION, ETC. (IMPRINT)
Place of publication Cambridge, U.K. ;
-- New York :
Name of publisher Cambridge University Press,
Year of publication 2003.
300 ## - PHYSICAL DESCRIPTION
Number of Pages xiv, 244 p. :
Other physical details ill.
490 1# - SERIES STATEMENT
Series statement Studies in English language
650 #0 - SUBJECT ADDED ENTRY--TOPICAL TERM
Topical Term English language
Topical Term English language
Topical Term English language
Topical Term African Americans
Topical Term English language
Topical Term English language
Topical Term African languages
Topical Term Black English
Topical Term Americanisms
700 1# - ADDED ENTRY--PERSONAL NAME
Personal name Nagle, Stephen J.,
Personal name Sanders, Sara L.
856 40 - ELECTRONIC LOCATION AND ACCESS
Uniform Resource Identifier http://site.ebrary.com/lib/rucke/Doc?id=10073548

No items available.

© 2026 Rongo University
Contact us: librarian | system librarian | Rongo university